• 首页
  • 本馆介绍
  • 公告通知
  • 最新文献
  • 馆藏检索
  • 电子资源
  • 读者导购
  • 参考咨询
  • 我的图书馆
  • 登录
  • 期刊详细显示
  • 现刊情况显示
  • 合订本情况显示
  • 篇目信息显示

期刊信息

  • 表格格式
  • 工作单格式
  • 卡片格式
索取号 
H31/THEN
题名 
The New Youk Times Magazine
作者 
分册号 
分册名 
出版地 
美国
出版者 
标准刊号 
出版频率 
月刊
中图法分类 
H31
主题词 
英语
电子资源 
000 00350nas0 2200157 45
001 0734230047
005 20160510111534.35
100    @a20070904d km y0chiy0120 ea
101 0  @aeng
200 1  @aThe New Youk Times Magazine
210    @a美国
326    @a月刊
606 0  @a英语
690    @aH31@v4
801  0 @aCN@bPFT@c20070904
905    @a213230@dH31@eTHEN
    
    The New Youk Times Magazine.-美国
    
    
    
    
    
●
相关链接: 在易读查询期刊 在中国知网中查询期刊 在万方数据查询期刊 在维普查询期刊
唐山师范学院图书馆 欢迎您!
大连网信软件有限公司© 版权所有